000 00308nam a2200157Ia 4500
100 _aWood Michael
942 _cBK
366 _f17.5
654 _aindia
245 _aThe story of India
260 _bBBC Books
_c2007
082 _a808.83/WOO
_bWOO
300 _a319
546 _aENGLISH
999 _c29220
_d29220